Materials science of thin films (Record no. 352)

000 -LEADER
fixed length control field 00566nam a22002174a 4500
001 - CONTROL NUMBER
control field 352
003 - CONTROL NUMBER IDENTIFIER
control field BD-DhUET
008 - FIXED-LENGTH DATA ELEMENTS--GENERAL INFORMATION
fixed length control field 010328s2002 caua b 001 0 eng
020 ## - INTERNATIONAL STANDARD BOOK NUMBER
International Standard Book Number 9780125249850
020 ## - INTERNATIONAL STANDARD BOOK NUMBER
International Standard Book Number 9789381269534
040 ## - CATALOGING SOURCE
Original cataloging agency DLC
Transcribing agency 0
Modifying agency BD-DhUET
082 00 - DEWEY DECIMAL CLASSIFICATION NUMBER
Classification number 623.8152
Item number OHR/2002
100 ## - MAIN ENTRY--PERSONAL NAME
Personal name Ohring, Milton
245 10 - TITLE STATEMENT
Title Materials science of thin films
Remainder of title deposition and structure
250 ## - EDITION STATEMENT
Edition statement 2nd ed.
260 ## - PUBLICATION, DISTRIBUTION, ETC. (IMPRINT)
Place of publication, distribution, etc. New Delhi
Name of publisher, distributor, etc. Academic Press
Date of publication, distribution, etc. 2002
300 ## - PHYSICAL DESCRIPTION
Extent xxi, 794 p.
Other physical details
504 ## - BIBLIOGRAPHY, ETC. NOTE
Bibliography, etc Includes bibliographies
650 #0 - SUBJECT ADDED ENTRY--TOPICAL TERM
Topical term or geographic name as entry element Thin films
942 ## - ADDED ENTRY ELEMENTS (KOHA)
Koha item type General Book
Holdings
Damaged status Shelving location Withdrawn status Koha normalized classification for sorting Koha issues (times borrowed) Copy number Sublocation or collection (holding branch) Koha date last borrowed Price effective from Not for loan Lost status Location (home branch) Koha date last seen Piece designation (barcode) Source of classification or shelving scheme Koha out on loan Koha item type Koha full call number Date acquired
 Circulation section 623_000000000000000_8152OHR200 1Central Library, BUET 2014-07-20  Central Library, BUET2014-07-20111604  General Book623.8152/OHR/20022014-07-20
 Circulation section 623_815200000000000_OHR_200212Central Library, BUET2023-11-082016-10-02  Central Library, BUET2024-06-12114734  General Book623.8152/OHR/20022016-06-18
 Circulation section 623_815200000000000_OHR_200213Central Library, BUET2024-01-132016-10-02  Central Library, BUET2024-01-13114735 2025-01-12General Book623.8152/OHR/20022016-06-18
 Reading section 623_815200000000000_OHR_2002 4Central Library, BUET 2018-09-22  Central Library, BUET2018-09-22116652  General Book623.8152/OHR/20022018-06-27